000 00420nam a2200205Ia 4500
001 11751
003 GE_BSU
008 181216s||||||||xx |||||||||||||| ||und||
020 _a009940608X
040 _cGE_BSU
080 _a821.111-314
100 _aRyan,Chris
245 4 _aThe watchman
260 _aLondon
260 _bArrow
260 _c2002
300 _a412p.18cm.
653 _aThe watchman
942 _cBK
999 _c44930
_d44930